Engineering economy (Record no. 4218)

000 -LEADER
fixed length control field 00580nam a2200229 i 4500
001 - CONTROL NUMBER
control field 4218
003 - CONTROL NUMBER IDENTIFIER
control field BD-DhUET
008 - FIXED-LENGTH DATA ELEMENTS--GENERAL INFORMATION
fixed length control field 780213s1979 nyua b 001 0 eng
020 ## - INTERNATIONAL STANDARD BOOK NUMBER
International Standard Book Number 002328160X
040 ## - CATALOGING SOURCE
Original cataloging agency DLC
Transcribing agency DLC
Modifying agency BD-DhUET
082 ## - DEWEY DECIMAL CLASSIFICATION NUMBER
Classification number 658.92
Item number DEG/1979
100 1# - MAIN ENTRY--PERSONAL NAME
Personal name DeGarmo, E. Paul
245 10 - TITLE STATEMENT
Title Engineering economy
250 ## - EDITION STATEMENT
Edition statement 6th ed.
260 ## - PUBLICATION, DISTRIBUTION, ETC. (IMPRINT)
Place of publication, distribution, etc. London
Name of publisher, distributor, etc. Macmillan
Date of publication, distribution, etc. 1979
300 ## - PHYSICAL DESCRIPTION
Extent xv, 576p.
Other physical details ill.
Dimensions 24 cm.
504 ## - BIBLIOGRAPHY, ETC. NOTE
Bibliography, etc Includes bibliographies
650 #0 - SUBJECT ADDED ENTRY--TOPICAL TERM
Topical term or geographic name as entry element Engineering economy
700 ## - ADDED ENTRY--PERSONAL NAME
Personal name Canada, John R.
700 ## - ADDED ENTRY--PERSONAL NAME
Personal name Sullivan, William G.
942 ## - ADDED ENTRY ELEMENTS (KOHA)
Koha item type General Book
Holdings
Source of classification or shelving scheme Koha issues (times borrowed) Koha date last borrowed Copy number Shelving location Location (home branch) Koha full call number Not for loan Lost status Koha date last seen Piece designation (barcode) Sublocation or collection (holding branch) Price effective from Damaged status Koha item type Koha normalized classification for sorting Withdrawn status Date acquired
 12024-10-281Circulation sectionCentral Library, BUET658.92/DEG/1979  2024-12-0371365Central Library, BUET2014-11-13 General Book658_920000000000000_DEG_1979 2014-11-13
   2Circulation sectionCentral Library, BUET658.92/DEG/1979  2015-02-2865414Central Library, BUET2015-02-28 General Book658_920000000000000_DEG_1979 2015-02-28
   3Circulation sectionCentral Library, BUET658.92/DEG/1979  2015-02-2865112Central Library, BUET2015-02-28 General Book658_920000000000000_DEG_1979 2015-02-28
   4Circulation sectionCentral Library, BUET658.92/DEG/1979  2015-02-2865410Central Library, BUET2015-02-28 General Book658_920000000000000_DEG_1979 2015-02-28
   5Circulation sectionCentral Library, BUET658.92/DEG/1979  2015-02-2865107Central Library, BUET2015-02-28 General Book658_920000000000000_DEG_1979 2015-02-28
   6Circulation sectionCentral Library, BUET658.92/DEG/1979  2015-03-0414958Central Library, BUET2015-03-04 General Book658_920000000000000_DEG_1979 2015-03-04